LEADER 00997nam a2200229 i 4500 001 000000107718 003 CaOOAMICUS 005 20180112000000.0 008 180112s1852 it u000 u ita u 013 $a80176 040 $aSeMil$bita 100 1 $aBellomo, Giovanni Luigi,$d<1783-1858>.$0(OLS)http://semarc/name/90153 245 10$aLezioni di storia del Medio Evo /$cproposte da mons. Giovanni Bellomo. 260 $aVenezia :$bAntonelli,$c1852. 300 $a221, 53 p. ;$c24 cm. 500 $aSul front.: Volume unico corredato di tavole sincrone ad uso della Classe VII dei Ginnasii liceali. 650 4$aStoria - Manuali.$0(OLS)http://semarc/subject/5185 650 4$aMedioevo - Storia.$0(OLS)http://semarc/subject/44562 850 $aSeMil 852 $aSeMil$W1$xVenegono$y1$m3T III 21 FA$j63814$B63814$CSeMilBibl$Z2$F220704 $8I 996 $6245$aLezioni di storia del Medio Evo$9(OLS)http://semarc/title/407160 996 $6260$aVenezia :$bAntonelli$9(OLS)http://semarc/publisher/56035 LEADER 01047nam a2200229 i 4500 001 000000123988 003 CaOOAMICUS 005 20040310000000.0 008 040310s1984 it u000 u ita u 013 $a96684 040 $aSeMil$bita 245 10$aAngolo, Darfo, Boario Terme :$bappendice al volume primo. 260 $a[Brescia] :$bIndustrie Grafiche Bresciane,$cstampa 1984. 300 $a546 p. :$briccamente ill. 500 $aContiene : Correzioni e aggiunte al vol. 1. - Fondo Card. C.M. Martini. 773 0 $aBertolini, Araldo$tArte in Val Camonica.$d[Italia] : Consorzio dei Comuni del Bacino imbrifero montano di Valle Camonica, stampa 1980.$gVolume2$w()11162 850 $aSeMil 852 $aSeMil$W1$xVenegono$y1$m5L IX 59$j78624$B78624$CSeMilBibl$Z2$F80805 $81 941 1 $a4 961 $aOmaggio: Martini Card. Carlo Maria 996 $6245$aAngolo, Darfo, Boario Terme :$bappendice al volume primo$9(OLS)http://semarc/title/182406 996 $6260$a[Brescia] :$bIndustrie Grafiche Bresciane$9(OLS)http://semarc/publisher/46312